000 00496nam a22001937a 4500
003 MPLRDC
005 20220104123905.0
008 210129b ||||| |||| 00| 0 eng d
020 _a957-8510-25-X
082 _a530 SMK
100 _a卡尔. 史莫克
245 _a现代人的国际礼仪
_c邱一维译
250 _a初版一刷
260 _a
_b亚太图书出版社
_c1992
300 _b
490 _a21世纪文库. 15
650 _a礼俗; 礼仪总论
942 _cBK
_o530 SMK
999 _c15012
_d15002